Представление документа в формате MARC21

Поле Инд. ПП Название Значение
Тип записи a
Библиографический уровень m
001 Контрольный номер 4cc504e3d9704b5db5706307015902fd
005 Дата корректировки 20230605115005.4
020 a ISBN 9785444406045
084 a Индекс другой классификации/Индекс ББК 63.3(7Куб)63
090 a Полочн. индекс 63.3(7Куб)63
x Авторский знак Г 123
100 1_ a Автор Гавриков Ю. П.
q Полное имя Гавриков Юрий Павлович
245 10 a Заглавие Фидель Кастро. Неистовый команданте
260 b Издательство Вече
c Дата издания 2013
a Место издания Москва
300 a Объем 352 с.
b Иллюстрации/ тип воспроизводства ил.
336 a Термин вида содержания Текст
337 a Термин типа средства непосредственный
440 _0 a Серия Великие исторические персоны
440 _0 a Серия Библиотека Коммерсантъ
600 14 a Персоналии Кастро Фидель
650 04 a Основная рубрика история
653 0_ a Ключевые слова XX век
a Ключевые слова Куба
a Ключевые слова Кубинская революция 1959
a Ключевые слова Латинская Америка
a Ключевые слова новейшее время
a Ключевые слова политика
655 a Жанр/ форма (устаревшее) биография
720 a Наименование подборки Кубинская революция
e Признак/вид подборки Тематические подборки
900 a Имя электронного ресурса obl_Gavrikov_Kastro
x Справочная информация Обложка
901 t Тип документа m
952 a Тип литературы для КСУ ВШ НПИ